000 00269nam a22001217a 4500
008 170911b xxu||||| |||| 00| 0 eng d
041 _aeng
080 _a53
100 _a43
101 _aFIZ
245 _aTHE EVOLUTION OF PHYSUCS
_cELNSTEIN.A
942 _2udc
_cBK
999 _c27202
_d27202